LEADER 01029nam0-2200361---450- 001 990009964630403321 005 20150515080623.0 010 $a978-0-8153-4244-1 035 $a000996463 035 $aFED01000996463 035 $a(Aleph)000996463FED01 035 $a000996463 100 $a20150515d2015----km-y0itaa50------ba 101 0 $aeng 102 $aUS 105 $aa-------001yy 200 1 $aCell signaling$fWendell Lim, Bruce Mayer, Tony Pawson 210 $aNew York$cGarland Science$d@2015 215 $axvi, 400 p.$cill. (col.)$d27 cm 610 0 $aSegnali $aTrasduzione 676 $a571.7$v22$zita 700 1$aLim,$bWendell$0748910 701 1$aMayer,$bBruce$0748911 701 1$aPawson,$bTony$0748912 801 0$aIT$bUNINA$gRICA$2UNIMARC 901 $aBK 912 $a990009964630403321 952 $a571.7-LIM-1$bPr. 14/2015$fSC1 952 $a571.7-LIM-1A$bPr. 15/2015$fSC1 959 $aSC1 961 $aCellular signalling 996 $aCell signaling$91499589 997 $aUNINA LEADER 02605nam 2200409Ia 450 001 996393533203316 005 20200824132849.0 035 $a(CKB)3810000000006384 035 $a(EEBO)2240870952 035 $a(OCoLC)ocm13148487e 035 $a(OCoLC)13148487 035 $a(EXLCZ)993810000000006384 100 $a19860213d1670 uy | 101 0 $aeng 135 $aurbn||||a|bb| 200 10$aSandys travels$b[electronic resource] $econtaining an history of the original and present state of the Turkish Empire, their laws, government, policy, military force, courts of justice, and commerce, the Mahometan religion and ceremonies, a description of Constantinople, the Grand Signior's seraglio, and his manner of living : also, of Greece, with the religion and customs of the Grecians ; Of Ægypt, the antiquity, hieroglyphicks, rites, customs, discipline, and religion of the Ægyptians ; A voyage on the River Nylvs ; Of Armenia, Grand Cairo, Rhodes, the Pyramides, Colossus, the former flourishing and present state of Alexandria ; A description of the Holy-Land, of the Jews, and several sects of Christians living there ; Of Jerusalem, sepulchre of Christ, Temple of Solomon, and what else either of antiquity, or worth observation ; Lastly, Italy described, and the islands adjoyning, as Cyprus, Crete, Malta, Sicilia, the Æolian Islands, of Rome, Venice, Naples, Syracusa, Mesena, Ætna, Scylla and Charybdis, and other places of note : illustrated with fifty graven maps and figures 205 $aThe seventh edition. 210 $aLondon $cPrinted for Rob. Clavel, Tho. Passinger, Will Cadman, Tho. Sawbridge, and Will Birch$d1670 215 $a[7], 240 p. $cill., maps (1 folded) 300 $aIncludes bibliographical references. 300 $aAdded engraved t.p.: A relation of a iourney begun an: Dom: 1610. Fovre bookes. Containing a description of the Turkish empire, of AEgypt, of the Holy Land of the remote parts of Italy, and ilands adjoyning. The 6th edition. London : Printed for Philip Chetwin, 1670. 300 $aReproduction of original in Duke University Library. 330 $aeebo-0113 606 $aVoyages and travels 607 $aMiddle East$xDescription and travel 607 $aItaly$xDescription and travel 607 $aItaly$xDescription and travel$vEarly works to 1800 615 0$aVoyages and travels. 700 $aSandys$b George$f1578-1644.$0709605 801 0$bEAA 801 1$bEAA 801 2$bm/c 801 2$bWaOLN 906 $aBOOK 912 $a996393533203316 996 $aSandys travels$92402066 997 $aUNISA